000 00290nam a22001217a 4500
040 _cSK
082 _a642
100 _aសៀង ដារង្គ
245 _aForest harvesting; អាជីវកម្មព្រៃឈើ
260 _aRUA
_bSIE
_c1997
300 _a104p.
942 _cKB
999 _c8821
_d8821